[Event "Collado Villalba 2015 Torneo B"]
[Site "Collado Villalba (ESP)"]
[Date "2015.08.27"]
[Round "6.4"]
[White "Andrade Sandoval, Jim Carlos"]
[Black "Mkrtchyan, Levon"]
[Result "0-1"]
[WhiteElo "1824"]
[BlackElo "1746"]
[PlyCount "122"]
[EventDate "2015.08.22"]
[EventType "swiss"]
[EventRounds "9"]
[EventCountry "ESP"]
[Source "lmi"]
[SourceDate "2015.08.22"]

1. e3 e5 2. d4 exd4 3. exd4 d5 4. Bd3 Bd6 5. Nf3 Ne7 6. O-O O-O 7. Nbd2 Bf5 8.
Bxf5 Nxf5 9. c3 c6 10. Qc2 Ne7 11. Re1 Nd7 12. Nf1 Nf6 13. Ne5 Bxe5 14. dxe5
Ne4 15. f3 Nc5 16. b4 Ne6 17. f4 g6 18. g4 Ng7 19. Ng3 f6 20. f5 fxe5 21. Rxe5
Qd6 22. Qe2 Rae8 23. f6 Rxf6 24. Bg5 Re6 25. Bf4 Qd7 26. Re1 Nc8 27. Qf3 Nb6
28. h4 Rxe5 29. Rxe5 Rxe5 30. Bxe5 Nc4 31. Bxg7 Qxg7 32. h5 Qe5 33. hxg6 hxg6
34. Qd3 Qe3+ 35. Qxe3 Nxe3 36. g5 Nf5 37. Ne2 Nd6 38. Nf4 Kf7 39. Nd3 Ne4 40.
Ne5+ Kg7 41. c4 Nxg5 42. b5 dxc4 43. bxc6 bxc6 44. Kf1 Ne4 45. Nxc4 g5 46. a3
Kf6 47. Ke2 Ke6 48. Kd3 Nd6 49. Ne3 c5 50. Ng2 Ke5 51. a4 c4+ 52. Ke3 Nb7 53.
Ne1 g4 54. Nc2 Nc5 55. Na3 Kd5 56. a5 Nb3 57. a6 Nc5 58. Kf4 Nxa6 59. Kxg4 Kd4
60. Kf3 Kd3 61. Kf2 c3 0-1

[Event "Collado Villalba 2015 Torneo B"]
[Site "Collado Villalba (ESP)"]
[Date "2015.08.27"]
[Round "6.5"]
[White "Andrade Sandoval, Bianca"]
[Black "Aragon Gutierrez, Alejandro"]
[Result "1/2-1/2"]
[WhiteElo "1705"]
[BlackElo "1806"]
[PlyCount "40"]
[EventDate "2015.08.22"]
[EventType "swiss"]
[EventRounds "9"]
[EventCountry "ESP"]
[Source "lmi"]
[SourceDate "2015.08.22"]

1. d4 f5 2. e3 Nf6 3. c4 g6 4. Nf3 Bg7 5. b3 O-O 6. Bb2 d6 7. d5 Na6 8. Be2 Nc5
9. O-O Bd7 10. Nbd2 Qe8 11. Qc2 c6 12. dxc6 bxc6 13. Bd4 Ne6 14. Bb2 Nc5 15.
Bd4 Ne6 16. Bb2 Nc5 17. Bd4 Ne6 18. Bb2 Nc5 19. Bd4 Ne6 20. Bb2 Nc5 1/2-1/2

[Event "Collado Villalba 2015 Torneo B"]
[Site "Collado Villalba (ESP)"]
[Date "2015.08.27"]
[Round "6.6"]
[White "Rodriguez Del Moral, Angel"]
[Black "Soto Martin, Miguel"]
[Result "0-1"]
[WhiteElo "1797"]
[BlackElo "1716"]
[PlyCount "68"]
[EventDate "2015.08.22"]
[EventType "swiss"]
[EventRounds "9"]
[EventCountry "ESP"]
[Source "lmi"]
[SourceDate "2015.08.22"]

1. b3 d5 2. Bb2 Bg4 3. h3 Bh5 4. g4 Bg6 5. e3 e6 6. Nf3 Nd7 7. c4 c6 8. h4 h6
9. Bg2 Ngf6 10. Ne5 Bxb1 11. Rxb1 Qc7 12. f4 Nxe5 13. Bxe5 Bd6 14. Bb2 O-O-O
15. cxd5 exd5 16. b4 Rhe8 17. O-O Qe7 18. Bd4 Kb8 19. Qa4 Nxg4 20. Bxa7+ Kc8
21. Bh3 Qxh4 22. Rf3 Re6 23. Bb6 Rde8 24. Rc1 Bxf4 25. b5 Bh2+ 26. Kh1 Nf2+ 27.
Kxh2 Qxa4 28. Rxf2 Qxb5 29. Bd4 f6 30. Rg2 Kb8 31. Bxe6 Rxe6 32. Rxg7 Qe2+ 33.
Kg1 Qxd2 34. Rg2 Qxc1+ 0-1

[Event "Collado Villalba 2015 Torneo B"]
[Site "Collado Villalba (ESP)"]
[Date "2015.08.27"]
[Round "6.9"]
[White "Tarrio Ocana, Jose Manuel"]
[Black "Guillo Longares, Cecilia"]
[Result "1-0"]
[WhiteElo "1852"]
[BlackElo "1674"]
[PlyCount "151"]
[EventDate "2015.08.22"]
[EventType "swiss"]
[EventRounds "9"]
[EventCountry "ESP"]
[Source "lmi"]
[SourceDate "2015.08.22"]

1. e4 c5 2. Nc3 Nc6 3. Bb5 g6 4. Bxc6 bxc6 5. f4 Bg7 6. Nf3 d6 7. d3 Nf6 8. h3
Be6 9. O-O O-O 10. Be3 Rb8 11. Qc1 Qa5 12. Nd2 Nh5 13. Nb3 Bxb3 14. axb3 Qc7
15. Qe1 Rfd8 16. Kh1 a5 17. g4 Nf6 18. Qh4 Qa7 19. f5 Rf8 20. Bh6 Rbd8 21. Bxg7
Kxg7 22. Ne2 h5 23. g5 Nd7 24. f6+ exf6 25. gxf6+ Kh7 26. Ng3 Rh8 27. Rg1 Kg8
28. Nf5 Ne5 29. Qf4 Kf8 30. Nxd6 Rxd6 31. Qxe5 Re6 32. Qc3 c4 33. Rxa5 Qc7 34.
Ra8+ Re8 35. Rxe8+ Kxe8 36. Qxc4 Qd7 37. Rg3 Qd6 38. Kg2 Qxf6 39. Qc3 Qxc3 40.
bxc3 Ke7 41. h4 Ra8 42. Rf3 Ra2 43. Rf2 f6 44. d4 Ke6 45. c4 g5 46. Kf3 Ra8 47.
Ke3 Rg8 48. d5+ cxd5 49. cxd5+ Ke7 50. c4 g4 51. Rg2 Rb8 52. Rb2 Rg8 53. Kd4 g3
54. Rg2 Rg4 55. Ke3 Kd6 56. Kf3 Ke5 57. Re2 Kd6 58. b4 Kd7 59. c5 Rg8 60. Ra2
Rb8 61. Ra7+ Kc8 62. Kxg3 Rxb4 63. Kf4 Rb1 64. Rh7 Rf1+ 65. Ke3 Re1+ 66. Kd3
Rd1+ 67. Ke2 Rc1 68. c6 Rc2+ 69. Kd3 Rc1 70. Rxh5 Rd1+ 71. Kc4 Re1 72. d6 Rc1+
73. Kd5 Rd1+ 74. Ke6 Kb8 75. Rh8+ Ka7 76. d7 1-0

[Event "Collado Villalba 2015 Torneo B"]
[Site "Collado Villalba (ESP)"]
[Date "2015.08.27"]
[Round "6.10"]
[White "Reyes Penas, Sebastian"]
[Black "Medrano Del Val, Julio"]
[Result "1/2-1/2"]
[WhiteElo "1675"]
[BlackElo "1825"]
[PlyCount "90"]
[EventDate "2015.08.22"]
[EventType "swiss"]
[EventRounds "9"]
[EventCountry "ESP"]
[Source "lmi"]
[SourceDate "2015.08.22"]

1. e4 g6 2. d4 Bg7 3. c4 c5 4. d5 d6 5. Nc3 Na6 6. Be3 Nf6 7. f3 O-O 8. Qd2 Re8
9. Bd3 e6 10. Nge2 Nb4 11. O-O exd5 12. cxd5 Nxd3 13. Qxd3 Nd7 14. b3 a6 15.
Rab1 b5 16. a4 b4 17. Nd1 a5 18. Nb2 Ne5 19. Qc2 Ba6 20. Nc4 Nxc4 21. bxc4 Bc8
22. Qb3 Bd7 23. Bf4 Ra6 24. Kh1 f5 25. Ng3 Be5 26. Bxe5 Rxe5 27. Rfe1 Qe8 28.
Ra1 Ra7 29. Kg1 Bc8 30. Kf2 Rf7 31. Qc2 fxe4 32. Nxe4 Qd8 33. Qb2 Bf5 34. Ng3
Bd3 35. Rxe5 dxe5 36. Qb3 Bf5 37. Qe3 Qb6 38. Qxe5 Bc2 39. Ne4 b3 40. d6 b2 41.
Qe8+ Kg7 42. Qe5+ Kg8 43. Qe8+ Rf8 44. Qe6+ Kg7 45. Qe5+ Kg8 1/2-1/2

[Event "Collado Villalba 2015 Torneo B"]
[Site "Collado Villalba (ESP)"]
[Date "2015.08.27"]
[Round "6.11"]
[White "Alvarez Gonzalez, Eduardo"]
[Black "Martinez Martinez, Antonio"]
[Result "1-0"]
[WhiteElo "1805"]
[BlackElo "1580"]
[PlyCount "45"]
[EventDate "2015.08.22"]
[EventType "swiss"]
[EventRounds "9"]
[EventCountry "ESP"]
[Source "lmi"]
[SourceDate "2015.08.22"]

1. d4 g6 2. Nf3 d6 3. c4 c6 4. Nc3 Bg7 5. Bf4 Bg4 6. e3 Qb6 7. Rb1 Nf6 8. Be2
h6 9. h3 Be6 10. Qc2 Nbd7 11. O-O g5 12. Bh2 g4 13. hxg4 Bxg4 14. Rfd1 O-O-O
15. b4 Rdg8 16. c5 Qd8 17. cxd6 e6 18. b5 c5 19. dxc5 Nxc5 20. Na4 b6 21. Nxc5
Kb8 22. Na6+ Kb7 23. Qc6# 1-0

[Event "Collado Villalba 2015 Torneo B"]
[Site "Collado Villalba (ESP)"]
[Date "2015.08.27"]
[Round "6.12"]
[White "Barranco Martinez, Gabriel"]
[Black "Criado Riesgo, Manuel"]
[Result "1/2-1/2"]
[WhiteElo "1784"]
[BlackElo "1535"]
[PlyCount "56"]
[EventDate "2015.08.22"]
[EventType "swiss"]
[EventRounds "9"]
[EventCountry "ESP"]
[Source "lmi"]
[SourceDate "2015.08.22"]

1. d4 d5 2. c4 Bf5 3. Nc3 e6 4. Nf3 Nf6 5. e3 Bb4 6. Bd2 c5 7. cxd5 exd5 8.
Qa4+ Bd7 9. Qc2 Bxc3 10. Bxc3 c4 11. Be2 Nc6 12. O-O Ne4 13. Be1 O-O 14. Bxc4
Bf5 15. Bd3 Rc8 16. Qb3 Qd7 17. Bxe4 Bxe4 18. Nh4 h6 19. f4 g5 20. fxg5 hxg5
21. Nf3 f6 22. Qd1 Kg7 23. Bg3 Ne7 24. Nxg5 fxg5 25. Qh5 Nc6 26. Qxg5+ Kh7 27.
Qh5+ Kg7 28. Qg5+ Kh7 1/2-1/2

[Event "Collado Villalba 2015 Torneo B"]
[Site "Collado Villalba (ESP)"]
[Date "2015.08.27"]
[Round "6.13"]
[White "Fernandez Rios, Jose Francisco"]
[Black "Lancharro Delgado, Cristina"]
[Result "1/2-1/2"]
[WhiteElo "1782"]
[BlackElo "1461"]
[PlyCount "73"]
[EventDate "2015.08.22"]
[EventType "swiss"]
[EventRounds "9"]
[EventCountry "ESP"]
[Source "lmi"]
[SourceDate "2015.08.22"]

1. d4 d5 2. c4 c6 3. Nf3 Nf6 4. e3 e6 5. Nbd2 Nbd7 6. Bd3 dxc4 7. Nxc4 b5 8.
Nce5 Bb7 9. O-O Bd6 10. a3 Qc7 11. Nxd7 Nxd7 12. e4 e5 13. Be3 O-O 14. Rc1 exd4
15. Bxd4 Ne5 16. Nxe5 Bxe5 17. Bxe5 Qxe5 18. Qe2 a6 19. b4 Rac8 20. Rc5 Qd4 21.
Rd1 Rfd8 22. Qc2 Qf6 23. e5 Qh6 24. Bf5 Rxd1+ 25. Qxd1 Rf8 26. g3 Qg5 27. Qc2
h6 28. e6 Qe7 29. exf7+ Rxf7 30. Be4 Qf6 31. Bxc6 Bxc6 32. Rxc6 Qa1+ 33. Qc1
Qd4 34. Rc2 Rf3 35. Rd2 Qf6 36. Qc2 Rxa3 37. Qc8+ 1/2-1/2

[Event "Collado Villalba 2015 Torneo B"]
[Site "Collado Villalba (ESP)"]
[Date "2015.08.27"]
[Round "6.14"]
[White "Garcia Lopez, Fernando"]
[Black "Borovyev, Svytoslav"]
[Result "0-1"]
[WhiteElo "1646"]
[BlackElo "1740"]
[PlyCount "62"]
[EventDate "2015.08.22"]
[EventType "swiss"]
[EventRounds "9"]
[EventCountry "ESP"]
[Source "lmi"]
[SourceDate "2015.08.22"]

1. e4 c5 2. Nf3 e6 3. d4 cxd4 4. Nxd4 Nf6 5. Nc3 Nc6 6. Be3 Bb4 7. Bd3 d5 8. e5
Nxe5 9. O-O Bxc3 10. bxc3 Bd7 11. Nb5 Bxb5 12. Bxb5+ Ned7 13. Bd4 O-O 14. Re1
Qc7 15. Bxd7 Nxd7 16. Qg4 e5 17. Qg3 f6 18. Re3 Qc6 19. Rae1 exd4 20. Re7 Rf7
21. R1e6 Qxc3 22. f3 Ne5 23. Re8+ Rxe8 24. Rxe8+ Rf8 25. Re7 Nf7 26. Rxb7 Qxc2
27. h3 d3 28. Rb8 d2 29. Rxf8+ Kxf8 30. Qb8+ Ke7 31. Qxa7+ Ke8 0-1

[Event "Collado Villalba 2015 Torneo B"]
[Site "Collado Villalba (ESP)"]
[Date "2015.08.27"]
[Round "6.15"]
[White "Picazo Sancho, Alvaro"]
[Black "De Dompablo Fantova, Juan"]
[Result "1-0"]
[WhiteElo "1610"]
[BlackElo "1712"]
[PlyCount "54"]
[EventDate "2015.08.22"]
[EventType "swiss"]
[EventRounds "9"]
[EventCountry "ESP"]
[Source "lmi"]
[SourceDate "2015.08.22"]

1. e4 c5 2. Nf3 d6 3. d4 cxd4 4. Nxd4 Nf6 5. Nc3 g6 6. Be3 Bg7 7. f3 O-O 8. Qd2
Nc6 9. O-O-O Bd7 10. g4 Rc8 11. h4 h5 12. gxh5 Nxh5 13. Nxc6 bxc6 14. Bh6 Bxh6
15. Qxh6 Be6 16. Rg1 Qb6 17. Be2 Ng7 18. h5 Qc5 19. hxg6 fxg6 20. Rxg6 Qe5 21.
Rdg1 Rf7 22. Rxg7+ Rxg7 23. Rxg7+ Qxg7 24. Qxe6+ Kh7 25. Qxc8 Qg1+ 26. Bd1 d5
27. Qh3+ Kg7 1-0

[Event "Collado Villalba 2015 Torneo B"]
[Site "Collado Villalba (ESP)"]
[Date "2015.08.27"]
[Round "6.16"]
[White "Rico Ropero, Oscar"]
[Black "Garcia Castineira, Ivan"]
[Result "1-0"]
[WhiteElo "1457"]
[BlackElo "1688"]
[PlyCount "87"]
[EventDate "2015.08.22"]
[EventType "swiss"]
[EventRounds "9"]
[EventCountry "ESP"]
[Source "lmi"]
[SourceDate "2015.08.22"]

1. c4 e6 2. Nc3 d5 3. d4 Nf6 4. g3 Be7 5. Bg2 O-O 6. cxd5 Nxd5 7. e4 Nxc3 8.
bxc3 c6 9. Ne2 Nd7 10. O-O Nf6 11. h3 b5 12. Nf4 Bb7 13. Qb3 a6 14. Rd1 Qc8 15.
c4 Rd8 16. Be3 h6 17. c5 Rd7 18. Rac1 Rc7 19. Nd3 g5 20. f4 g4 21. Ne5 h5 22.
Bd2 a5 23. a4 b4 24. f5 Nd7 25. Bf4 Nxe5 26. Bxe5 Bg5 27. Bxc7 Qxc7 28. Rc2 h4
29. gxh4 Bxh4 30. hxg4 exf5 31. gxf5 Kg7 32. Qf3 Rh8 33. e5 Ba6 34. f6+ Kf8 35.
Qg4 Bxf6 36. exf6 Qh2+ 37. Kf2 Rg8 38. Qf3 b3 39. Rb2 Bc4 40. Qxc6 Qf4+ 41. Qf3
Qh4+ 42. Kg1 Bd5 43. Qxd5 Rxg2+ 44. Qxg2 1-0

[Event "Collado Villalba 2015 Torneo B"]
[Site "Collado Villalba (ESP)"]
[Date "2015.08.27"]
[Round "6.17"]
[White "Elguezabal Selioutin, Dario"]
[Black "Fernandez Martinez, Luis"]
[Result "1-0"]
[WhiteElo "1610"]
[BlackElo "1944"]
[PlyCount "53"]
[EventDate "2015.08.22"]
[EventType "swiss"]
[EventRounds "9"]
[EventCountry "ESP"]
[Source "lmi"]
[SourceDate "2015.08.22"]

1. d4 e6 2. Nf3 Nf6 3. e3 g6 4. c4 c5 5. d5 exd5 6. cxd5 d6 7. Nc3 Bg7 8. Bd3
O-O 9. O-O Nbd7 10. e4 Nb6 11. a4 Bd7 12. Bf4 Nc8 13. h3 a6 14. Nd2 Ne8 15. Nc4
Qh4 16. Bg3 Qg5 17. Qe1 h5 18. f4 Qf6 19. e5 dxe5 20. fxe5 Qg5 21. Bh4 Qh6 22.
e6 fxe6 23. Rxf8+ Kxf8 24. dxe6 Bc6 25. e7+ Kg8 26. Qe6+ Kh7 27. Rf1 1-0

[Event "Collado Villalba 2015 Torneo B"]
[Site "Collado Villalba (ESP)"]
[Date "2015.08.27"]
[Round "6.18"]
[White "Fernandez Garcia, Emiliano"]
[Black "Minguela Munoz, Bienvenido"]
[Result "0-1"]
[WhiteElo "1534"]
[BlackElo "1732"]
[PlyCount "88"]
[EventDate "2015.08.22"]
[EventType "swiss"]
[EventRounds "9"]
[EventCountry "ESP"]
[Source "lmi"]
[SourceDate "2015.08.22"]

1. d4 Nf6 2. c4 g6 3. Nc3 Bg7 4. e4 d6 5. Be2 O-O 6. Nf3 e5 7. O-O Nc6 8. d5
Ne7 9. h3 Nd7 10. Nd2 f5 11. f3 f4 12. b4 b6 13. Nb3 Nf6 14. c5 bxc5 15. bxc5
Nh5 16. Bc4 Ng3 17. Re1 Bd7 18. c6 Be8 19. Ne2 Nh5 20. Na5 Nc8 21. Ba6 Nb6 22.
Bb7 Rb8 23. Qc2 Qh4 24. Ba3 Bf7 25. Rec1 Rbd8 26. Rab1 Ng3 27. Nxg3 fxg3 28.
Rd1 Bh6 29. Bc1 Bf4 30. Nc4 g5 31. Ne3 Bxe3+ 32. Bxe3 Bh5 33. Rf1 Rf6 34. Ba6
Rdf8 35. Be2 Bg6 36. a4 Kg7 37. a5 Nxd5 38. Bxa7 Nf4 39. Rfe1 g4 40. fxg4 Nxh3+
41. gxh3 Rf2 42. Bxf2 gxf2+ 43. Kg2 fxe1=Q 44. Rxe1 Rf2+ 0-1

[Event "Collado Villalba 2015 Torneo B"]
[Site "Collado Villalba (ESP)"]
[Date "2015.08.27"]
[Round "6.19"]
[White "Picazo Sancho, Carolina"]
[Black "Jimenez Jimenez, Darfo"]
[Result "1-0"]
[WhiteElo "1413"]
[BlackElo "1686"]
[PlyCount "51"]
[EventDate "2015.08.22"]
[EventType "swiss"]
[EventRounds "9"]
[EventCountry "ESP"]
[Source "lmi"]
[SourceDate "2015.08.22"]

1. e4 c5 2. Nf3 Nc6 3. d4 cxd4 4. Nxd4 e5 5. Nf3 Nf6 6. Nc3 Be7 7. a3 O-O 8.
Be2 d6 9. O-O Be6 10. Be3 Ng4 11. Bc1 Rc8 12. h3 Nf6 13. Be3 d5 14. exd5 Nxd5
15. Nxd5 Bxd5 16. Re1 f5 17. Bb5 e4 18. Bxc6 Bxc6 19. Nd4 Bd5 20. Bf4 g5 21.
Bd2 Bc5 22. Bc3 Be7 23. Qe2 f4 24. Qg4 Qd6 25. Nf5 Qc5 26. Nh6# 1-0

[Event "Collado Villalba 2015 Torneo B"]
[Site "Collado Villalba (ESP)"]
[Date "2015.08.27"]
[Round "6.20"]
[White "Rodriguez Bachiller, Luis"]
[Black "Merino Conrado, Ricardo"]
[Result "1-0"]
[WhiteElo "1685"]
[BlackElo "1468"]
[PlyCount "101"]
[EventDate "2015.08.22"]
[EventType "swiss"]
[EventRounds "9"]
[EventCountry "ESP"]
[Source "lmi"]
[SourceDate "2015.08.22"]

1. e4 d6 2. d4 Nf6 3. Bd3 g6 4. c4 Bg7 5. Nc3 c6 6. Nf3 Bg4 7. h3 Bd7 8. O-O
O-O 9. Be3 Kh8 10. Rc1 Ng8 11. Bb1 Qc8 12. e5 Rd8 13. exd6 exd6 14. Ne4 Be8 15.
Bg5 f6 16. Bf4 Qe6 17. Re1 Bf8 18. Nxd6 Qd7 19. Nxe8 Rxe8 20. Rxe8 Qxe8 21. Qe1
Qd7 22. Rd1 Ne7 23. Qd2 Na6 24. Bh6 Nc7 25. Bxf8 Rxf8 26. Re1 Rd8 27. Qf4 Ng8
28. Re4 Ne6 29. Qe3 Ng7 30. Qc3 c5 31. d5 Nf5 32. Rf4 Qd6 33. g3 Nfh6 34. Ng5
Rf8 35. Ne6 Rf7 36. Qe3 b6 37. Rh4 g5 38. Rh5 Re7 39. Kg2 Qd7 40. Qf3 Qe8 41.
Rxh6 Nxh6 42. Qxf6+ Kg8 43. Qxh6 Qf7 44. Qxg5+ Kh8 45. Qe5+ Kg8 46. f4 h5 47.
Qg5+ Kh8 48. Bg6 Qg8 49. Qxh5+ Rh7 50. Qxh7+ Qxh7 51. Bxh7 1-0

[Event "Collado Villalba 2015 Torneo B"]
[Site "Collado Villalba (ESP)"]
[Date "2015.08.27"]
[Round "6.21"]
[White "Suarez Prieto, Leopoldo"]
[Black "Benito Alba, Eladio"]
[Result "1/2-1/2"]
[WhiteElo "1646"]
[BlackElo "1598"]
[PlyCount "119"]
[EventDate "2015.08.22"]
[EventType "swiss"]
[EventRounds "9"]
[EventCountry "ESP"]
[Source "lmi"]
[SourceDate "2015.08.22"]

1. e4 c6 2. Bc4 d5 3. exd5 cxd5 4. Bb3 Nf6 5. d4 Nc6 6. c3 Bf5 7. Bc2 Bxc2 8.
Qxc2 e6 9. Nf3 Be7 10. Be3 O-O 11. Nbd2 Rc8 12. Nf1 b5 13. a3 Qa5 14. Ng3 b4
15. O-O bxc3 16. b4 Qa6 17. h4 Ng4 18. Bg5 Qb7 19. Rfb1 a6 20. Bxe7 Nxe7 21.
Ng5 g6 22. h5 h6 23. Nf3 Nf5 24. Re1 Rfe8 25. hxg6 fxg6 26. Rad1 Kg7 27. Nxf5+
exf5 28. Ne5 Nxe5 29. dxe5 Qc6 30. Rd3 Re6 31. f4 Qc4 32. Rf1 d4 33. Rff3 Rb6
34. Rh3 a5 35. Rdg3 axb4 36. Qxf5 c2 37. Qd7+ Kf8 38. Rxh6 c1=Q+ 39. Kh2 Qg8
40. Rh7 Qxh7+ 41. Qxh7 Qc7 42. Qh8+ Kf7 43. Qh7+ Ke6 44. Qxc7 Rxc7 45. Rxg6+
Ke7 46. Rxb6 bxa3 47. Ra6 Rc3 48. Kg1 d3 49. Kf2 a2 50. Ke3 Rc2 51. g4 d2 52.
Ke2 Rb2 53. Ra7+ Kd8 54. Ra8+ Kc7 55. Ra7+ Kb8 56. Ra4 d1=Q+ 57. Kxd1 Rb1+ 58.
Ke2 a1=Q 59. Rxa1 Rxa1 60. Kf3 1/2-1/2

[Event "Collado Villalba 2015 Torneo B"]
[Site "Collado Villalba (ESP)"]
[Date "2015.08.27"]
[Round "6.22"]
[White "Tronch Ilzarbe, Carlos Maria"]
[Black "Rufo Yebra, Benito"]
[Result "1-0"]
[WhiteElo "1761"]
[BlackElo "1486"]
[PlyCount "59"]
[EventDate "2015.08.22"]
[EventType "swiss"]
[EventRounds "9"]
[EventCountry "ESP"]
[Source "lmi"]
[SourceDate "2015.08.22"]

1. d4 d5 2. Bf4 Nf6 3. e3 e6 4. c3 Bd7 5. Nf3 a6 6. h3 Nc6 7. Bd3 Be7 8. Nbd2
h6 9. O-O Nh5 10. Bh2 Bg5 11. Ne5 g6 12. Nxg6 Ng7 13. Nxh8 Qf6 14. Bxc7 h5 15.
f4 Bh6 16. Qe2 Nf5 17. Bxf5 Qxf5 18. e4 dxe4 19. Nxe4 Ke7 20. Bd6+ Kd8 21. Ng5
Be8 22. Qxh5 Bg7 23. Nhxf7+ Kd7 24. Be5 Bf8 25. Rad1 Qc2 26. d5 Bc5+ 27. Kh1
Nxe5 28. Nxe5+ Kc7 29. Nxe6+ Kb6 30. Qh6 1-0

[Event "Collado Villalba 2015 Torneo B"]
[Site "Collado Villalba (ESP)"]
[Date "2015.08.27"]
[Round "6.23"]
[White "Dominguez Coig, Alvaro"]
[Black "Gonzalez Garcia, Soraya"]
[Result "1/2-1/2"]
[WhiteElo "1684"]
[BlackElo "1526"]
[PlyCount "52"]
[EventDate "2015.08.22"]
[EventType "swiss"]
[EventRounds "9"]
[EventCountry "ESP"]
[Source "lmi"]
[SourceDate "2015.08.22"]

1. e4 d5 2. exd5 Qxd5 3. Nc3 Qd8 4. d4 Nf6 5. Nf3 Bf5 6. Bb5+ c6 7. Bc4 e6 8.
O-O Nbd7 9. Re1 Be7 10. Bf4 O-O 11. Qe2 Rc8 12. Rad1 Re8 13. Ne5 Nxe5 14. dxe5
Nd7 15. Ne4 h6 16. Nd6 Bxd6 17. Rxd6 Re7 18. g4 Bh7 19. g5 Qf8 20. gxh6 gxh6
21. Kh1 Bg6 22. Rg1 Kh7 23. Bd3 Nc5 24. Bxg6+ fxg6 25. Qg4 Qf5 26. Qh4 Qe4+
1/2-1/2

[Event "Collado Villalba 2015 Torneo B"]
[Site "Collado Villalba (ESP)"]
[Date "2015.08.27"]
[Round "6.24"]
[White "Cortijo Manso, Luis"]
[Black "Martinez Martinez, Manuel Ii"]
[Result "1/2-1/2"]
[WhiteElo "1529"]
[BlackElo "1678"]
[PlyCount "123"]
[EventDate "2015.08.22"]
[EventType "swiss"]
[EventRounds "9"]
[EventCountry "ESP"]
[Source "lmi"]
[SourceDate "2015.08.22"]

1. Nf3 Nf6 2. d4 e6 3. c4 Be7 4. g3 c6 5. Bg2 d5 6. Nbd2 Nbd7 7. O-O Qc7 8. Qc2
e5 9. cxd5 Nxd5 10. dxe5 Nxe5 11. Nxe5 Qxe5 12. Nf3 Qh5 13. Qe4 Nf6 14. Qe5
Qxe5 15. Nxe5 O-O 16. Bf4 Be6 17. b3 Rad8 18. Be3 Bd6 19. Nc4 Bb8 20. Na5 Rd7
21. Rad1 Rfd8 22. Nxb7 Rxd1 23. Nxd8 Rxd8 24. Bxc6 Rc8 25. Rd1 h6 26. Bb7 Re8
27. Bc6 Rf8 28. Bd4 Rd8 29. e3 Be5 30. Bf3 Bxd4 31. Rxd4 Rxd4 32. exd4 Kf8 33.
Kf1 Ke7 34. Ke2 Kd6 35. h4 Bd5 36. Bxd5 Kxd5 37. Kd3 Ne8 38. a4 a5 39. f4 f5
40. Kc3 Nd6 41. b4 Ne4+ 42. Kb3 axb4 43. a5 Kxd4 44. Kxb4 Nc5 45. Kb5 Kd5 46.
h5 Kd6 47. Kb6 Nd7+ 48. Kb7 Nc5+ 49. Kb6 Ne6 50. a6 Nc7 51. a7 Kd7 52. Kb7 Kd8
53. Kb8 Na8 54. Kb7 Nc7 55. Kb8 Kd7 56. Kb7 Na8 57. Kb8 Kc6 58. Kc8 Nb6+ 59.
Kd8 Kd6 60. Ke8 Ke6 61. Kf8 Kf6 62. Ke8 1/2-1/2

[Event "Collado Villalba 2015 Torneo B"]
[Site "Collado Villalba (ESP)"]
[Date "2015.08.27"]
[Round "6.25"]
[White "Criado Herrero, Luis"]
[Black "Rodriguez Gomez, Jose"]
[Result "0-1"]
[WhiteElo "1501"]
[BlackElo "1650"]
[PlyCount "68"]
[EventDate "2015.08.22"]
[EventType "swiss"]
[EventRounds "9"]
[EventCountry "ESP"]
[Source "lmi"]
[SourceDate "2015.08.22"]

1. e4 e5 2. Nf3 Nc6 3. Bb5 Nf6 4. d3 d6 5. O-O Bd7 6. Bd2 Be7 7. Re1 O-O 8. a3
a6 9. Ba4 b5 10. Bb3 Bg4 11. c3 a5 12. Ba2 b4 13. a4 Rb8 14. b3 d5 15. cxb4
Bxb4 16. Bxb4 Rxb4 17. Nbd2 dxe4 18. dxe4 Nd4 19. Re3 c5 20. Rc1 Qb6 21. Nc4
Qb8 22. Nxa5 Qc7 23. Nc4 Rd8 24. Qe1 Nxf3+ 25. gxf3 Be6 26. Rec3 Nd7 27. Qe3
Rc8 28. a5 Bxc4 29. Rxc4 Qxa5 30. Rxb4 Qxb4 31. Rc4 Qb8 32. Qc3 Qd6 33. Ra4 g6
34. b4 Qd1+ 0-1

[Event "Collado Villalba 2015 Torneo B"]
[Site "Collado Villalba (ESP)"]
[Date "2015.08.27"]
[Round "6.26"]
[White "Algaba Traspuesto, Jose Antoni"]
[Black "Pascual Gomez, Jesus"]
[Result "0-1"]
[WhiteElo "1611"]
[BlackElo "1714"]
[PlyCount "70"]
[EventDate "2015.08.22"]
[EventType "swiss"]
[EventRounds "9"]
[EventCountry "ESP"]
[Source "lmi"]
[SourceDate "2015.08.22"]

1. e4 e5 2. Nf3 Nc6 3. Bc4 Nd4 4. Nxd4 exd4 5. Qf3 Qf6 6. Qb3 Bc5 7. d3 a6 8.
a4 Ne7 9. Bd2 O-O 10. Bb4 d6 11. Nd2 a5 12. Ba3 Qg5 13. g3 Rb8 14. O-O-O Ng6
15. f4 Qe7 16. Rde1 Qd8 17. Nf3 Bg4 18. Rhf1 c6 19. e5 b5 20. Bxc5 dxc5 21.
axb5 cxb5 22. Bd5 Ne7 23. Be4 Be6 24. Qa3 b4 25. Qa1 h6 26. Nh4 c4 27. f5 Bd5
28. f6 Bxe4 29. fxe7 Qxe7 30. Rxe4 cxd3 31. cxd3 b3 32. Rxd4 Qc5+ 33. Rc4 Qe3+
34. Kd1 Qxd3+ 35. Ke1 Qe3+ 0-1

[Event "Collado Villalba 2015 Torneo B"]
[Site "Collado Villalba (ESP)"]
[Date "2015.08.27"]
[Round "6.30"]
[White "Fernandez Estremera, Fernando"]
[Black "Gallego Romero, Manuel"]
[Result "1-0"]
[WhiteElo "1672"]
[BlackElo "1483"]
[PlyCount "129"]
[EventDate "2015.08.22"]
[EventType "swiss"]
[EventRounds "9"]
[EventCountry "ESP"]
[Source "lmi"]
[SourceDate "2015.08.22"]

1. d4 d5 2. c4 c6 3. Nc3 e6 4. e3 Nf6 5. Bd3 Nbd7 6. Qc2 Bd6 7. c5 Bb8 8. b4 e5
9. a4 a6 10. Qb2 e4 11. Be2 Nf8 12. b5 Ng4 13. Bxg4 Bxg4 14. bxc6 bxc6 15. Qb7
Ra7 16. Qxc6+ Qd7 17. Qxd5 Qxd5 18. Nxd5 Be6 19. Nc3 f5 20. Rb1 Bc7 21. f3 Ng6
22. fxe4 fxe4 23. g3 O-O 24. Nge2 Ba5 25. Bd2 Raf7 26. Nf4 Nxf4 27. gxf4 Bc4
28. Rg1 Bd3 29. Rb2 Bd8 30. Ne2 Rf5 31. Kd1 Rh5 32. Rg2 Bc7 33. Rb7 Rc8 34. Bc3
Rd5 35. Nc1 Bf1 36. Rg1 Bh3 37. Nb3 Bd7 38. Rb4 Bd8 39. Ke2 Rh5 40. Rg2 Bh3 41.
Rg3 Be6 42. d5 Rxh2+ 43. Kf1 Bxd5 44. Rxg7+ Kf8 45. Rd7 Rh5 46. Be5 a5 47. Rxd5
Rxe5 48. Rxe5 axb4 49. Rxe4 Rb8 50. Rc4 Bc7 51. Kg2 Kf7 52. Kg3 Kg6 53. e4 h5
54. e5 Kf5 55. Kf3 h4 56. Nd4+ Kg6 57. Nc6 Rh8 58. Rxb4 h3 59. Rb1 Kh5 60. Kg3
Rh6 61. Nd4 Ba5 62. Kxh3 Bc3 63. Nf5 Rh8 64. Rg1 Rd8 65. Rg5# 1-0

[Event "Collado Villalba 2015 Torneo B"]
[Site "Collado Villalba (ESP)"]
[Date "2015.08.27"]
[Round "6.31"]
[White "Orta Vazquez, Mario"]
[Black "Melcon Diez, Enrique"]
[Result "0-1"]
[WhiteElo "1409"]
[BlackElo "1639"]
[PlyCount "56"]
[EventDate "2015.08.22"]
[EventType "swiss"]
[EventRounds "9"]
[EventCountry "ESP"]
[Source "lmi"]
[SourceDate "2015.08.22"]

1. c4 g6 2. Nc3 c5 3. Nf3 Bg7 4. d4 cxd4 5. Nxd4 Nc6 6. Nxc6 Bxc3+ 7. bxc3 bxc6
8. e4 Nf6 9. Bd3 O-O 10. O-O Qc7 11. Rb1 Qe5 12. Qe1 Ba6 13. f4 Qc7 14. e5 Nh5
15. Qh4 d6 16. exd6 Qxd6 17. Qh3 Bxc4 18. Bxc4 Qc5+ 19. Qe3 Qxc4 20. Ba3 Qxa2
21. Qxe7 Nxf4 22. Rb2 Qc4 23. Qe5 Nd3 24. Qf6 Nxb2 25. Bxb2 a5 26. Rf4 Qc5+ 27.
Kh1 Rad8 28. h4 Rd6 0-1